ऐसे भी लोग (Record no. 1036670)

MARC details
000 -LEADER
fixed length control field 00573nam a2200181Ia 4500
008 - FIXED-LENGTH DATA ELEMENTS--GENERAL INFORMATION
fixed length control field 151018s9999 xx 000 0 und d
082 ## - DEWEY DECIMAL CLASSIFICATION NUMBER
Item number RBASDV37223
Classification number 891.433
100 ## - MAIN ENTRY--PERSONAL NAME
Personal name इकबाल श्रीवास्तव
245 ## - TITLE STATEMENT
Title ऐसे भी लोग
250 ## - EDITION STATEMENT
Remainder of edition statement 1
260 ## - PUBLICATION, DISTRIBUTION, ETC. (IMPRINT)
Name of publisher, distributor, etc संभावना
Date of publication, distribution, etc 2003
300 ## - PHYSICAL DESCRIPTION
Extent 151
600 ## - SUBJECT ADDED ENTRY--PERSONAL NAME
Personal name इकबाल श्रीवास्तव
630 ## - SUBJECT ADDED ENTRY--UNIFORM TITLE
Uniform title ऐसे भी लोग
700 ## - ADDED ENTRY--PERSONAL NAME
Personal name इकबाल श्रीवास्तव
730 ## - ADDED ENTRY--UNIFORM TITLE
Uniform title ऐसे भी लोग
942 ## - ADDED ENTRY ELEMENTS (KOHA)
Koha item type Book
Holdings
Withdrawn status Lost status Damaged status Not for loan Home library Current library Date acquired Cost, normal purchase price Total Checkouts Full call number Barcode Date last seen Cost, replacement price Price effective from Koha item type
        R.B. Anant Shivaji Desai Vachanalaya and Granthalaya, Kudal R.B. Anant Shivaji Desai Vachanalaya and Granthalaya, Kudal 09/11/2009 21.00   RBASDV37223 RBASDV37223 10/18/2015 21.00 10/18/2015 Book